Progress in drug research Volume 55
Saved in:
| Other Authors: | |
|---|---|
| Format: | Book |
| Language: | English |
| Published: |
Basel
Birkhäuser
2000
|
| Subjects: | |
| Online Access: | View in OPAC |
| Tags: |
No Tags, Be the first to tag this record!
|
MARC
| LEADER | 00000nam a2200000 a 4500 | ||
|---|---|---|---|
| 005 | 20260127134102.0 | ||
| 008 | 090505 1998 sz 000 0 eng d | ||
| 020 | |a 376436193x | ||
| 020 | |a 081766193x | ||
| 035 | |a vtls009505116 | ||
| 039 | 9 | |a 201008021513 |b msnk88 |y 200905050922 |z mschk03 | |
| 040 | |a STUSCHK1 |b slo |c STUSCHK1 |e AACR2 | ||
| 080 | |a 615 | ||
| 080 | |a 633.88 | ||
| 245 | 1 | |a Progress in drug research |n Volume 55 |c edited by Ernst Jucker | |
| 260 | |a Basel |b Birkhäuser |c 2000 | ||
| 300 | |a 334 s. |b il. |c 24 cm | ||
| 650 | 0 | |a farmácia | |
| 650 | 0 | 7 | |a farmakológia |
| 700 | 1 | |a Jucker, Ernst | |
| 910 | |a SCHK95 | ||
| 919 | |a 3-7643-6193-x | ||
| 919 | |a 0-8176-6193-x | ||
| 999 | |c 3744 |d 3744 | ||